Women's human rights in India (Record no. 26288)
[ view plain ]
| 000 -LEADER | |
|---|---|
| fixed length control field | 01213 a2200181 4500 |
| 020 ## - INTERNATIONAL STANDARD BOOK NUMBER | |
| ISBN | 9780367444884 |
| 082 ## - DEWEY DECIMAL CLASSIFICATION NUMBER | |
| Classification number | 305.420954 |
| Item number | FOR-W |
| 100 ## - MAIN ENTRY--AUTHOR NAME | |
| Personal name | Forster, Christine |
| 100 ## - MAIN ENTRY--AUTHOR NAME | |
| Personal name | Sagade, Jaya |
| 245 ## - TITLE STATEMENT | |
| Title | Women's human rights in India |
| 250 ## - EDITION STATEMENT | |
| Edition statement | South Asia Edition |
| 260 ## - PUBLICATION, DISTRIBUTION, ETC. (IMPRINT) | |
| Name of publisher | Routledge |
| Year of publication | 2020 |
| Place of publication | New York |
| 300 ## - PHYSICAL DESCRIPTION | |
| Number of Pages | viii, 224p. |
| 504 ## - BIBLIOGRAPHY, ETC. NOTE | |
| Bibliography, etc | Include Index<br/> |
| 520 ## - SUMMARY, ETC. | |
| Summary, etc | This book focuses on women's human rights in India. Drawing on case studies, it provides a clear overview of the key sources on gender and rights in the country. Further, it contextualizes women's rights at the critical intersection of caste, religion and class, and analyses barriers to the realization of women's human rights in practice. It also develops strategies for moving forward towards greater recognition, protection, promotion and fulfilment of women's human rights in India. Drawing on critical pedagogical tools to analyse groundbreaking court cases, this book will be a key text in human rights studies. It will be indispensable to students, scholars and researchers of gender studies, sociology, law and human rights. |
| 650 ## - SUBJECT ADDED ENTRY--TOPICAL TERM | |
| Topical Term | Women's rights |
| Form subdivision | Human rights |
| -- | Legal status |
| Geographic subdivision | India |
| 942 ## - ADDED ENTRY ELEMENTS (KOHA) | |
| Source of classification or shelving scheme | Dewey Decimal Classification |
| Koha item type | Books |
| Withdrawn status | Lost status | Damaged status | Not for loan | Home library | Current library | Date acquired | Source of acquisition | Cost, normal purchase price | Bill Date | Full call number | Accession Number | Cost, replacement price | Price effective from | Koha item type |
|---|---|---|---|---|---|---|---|---|---|---|---|---|---|---|
| NASSDOC Library | NASSDOC Library | 08/07/2020 | OP | 726.35 | 2020-06-11 | 305.420954 FOR-W | 51036 | 995.00 | 15/07/2020 | Books |
